000
00280nam a22001337a 4500
008
171129b xxu||||| |||| 00| 0 eng d
020
_a
9780874367676
041
_a
eng
080
_a
030
100
_a
23
101
_a
ENC
245
_a
GROWING UP
_c
BROUDE,G.J
942
_2
udc
_c
BK
999
_c
38620
_d
38620